Cliffs GRE Preparation / (Record no. 194189)

000 -LEADER
fixed length control field 00410 a2200169 4500
003 - CONTROL NUMBER IDENTIFIER
control field Nust
005 - DATE AND TIME OF LATEST TRANSACTION
control field 20230310101640.0
020 ## - INTERNATIONAL STANDARD BOOK NUMBER
International Standard Book Number 0822020068
040 ## - CATALOGING SOURCE
Transcribing agency Nust
082 ## - DEWEY DECIMAL CLASSIFICATION NUMBER
Classification number 378.1662,COV
100 ## - MAIN ENTRY--PERSONAL NAME
Personal name Covino, Zandy,Kay
9 (RLIN) 110122
245 ## - TITLE STATEMENT
Title Cliffs GRE Preparation /
Statement of responsibility, etc. Covino, Zandy,Kay
260 ## - PUBLICATION, DISTRIBUTION, ETC.
Place of publication, distribution, etc. Jerry Bobrow
Name of publisher, distributor, etc. U.S.A
Date of publication, distribution, etc. 1980
300 ## - PHYSICAL DESCRIPTION
Extent 267p;
650 ## - SUBJECT ADDED ENTRY--TOPICAL TERM
Topical term or geographic name entry element GRE Preparation
9 (RLIN) 110123
942 ## - ADDED ENTRY ELEMENTS (KOHA)
Source of classification or shelving scheme
Koha item type Book
Holdings
Withdrawn status Lost status Source of classification or shelving scheme Damaged status Not for loan Permanent Location Current Location Shelving location Date acquired Full call number Barcode Date last seen Price effective from Koha item type Public note
          Military College of Signals (MCS) Military College of Signals (MCS) General Stacks 12/12/2016 378.1662,COV MCS36224 12/08/2016 12/12/2016 Book Almirah No.74, Shelf No.3
© 2023 Central Library, National University of Sciences and Technology. All Rights Reserved.